U.S. East of the Mississippi River Rollercoasters - Statistics

General Stats
  • This quiz has been taken 3 times
  • The average score is 19 of 139
Answer Stats
State Manufacturer Park Date Opened Answer % Correct
US (Ohio) Arrow Dynamics Cedar Point May 15th 1976 Corkscrew
67%
US(Michigan) Arrow Dynamics Michigan's Adventure 1979 Corkscrew
67%
US (Ohio) Arrow Dynamics Cedar Point June 11th 1987 Iron Dragon
67%
US(Tennessee) Rocky Mountain Construction Dollywood June 13th 2016 Lightning Rod
67%
US (Ohio) Rocky Mountain Construction Cedar Point May 5th 2018 Steel Vengeance
67%
US(Indiana) Schwarzkopf Indiana Beach May 11th 2024 All American Triple Loop
33%
US(Illinois) Intamin Six Flags Great America May 23rd 1981 American Eagle
33%
US(Ohio) Bolliger and Mabillard Kings Island April 18th 2014 Banshee
33%
US(Ohio) Arrow Dynamics Kings Island April 9th 1993 Bat
33%
US(Ohio) Charles Dinn Kings Island April 14th 1979 Beast
33%
US (Ohio) Arrow Dynamics Cedar Point May 24th 1969 Cedar Creek Mine Ride
33%
US(Indiana) Custom Coasters International Indiana Beach May 18th 2001 Cornball Express
33%
US(Illinois) Arrow Dynamics Six Flags Great America May 29th 1976 Demon
33%
US(Ohio) Bolliger and Mabillard Kings Island April 18th 2009 Diamondback
33%
US(Tennessee) Gerstlauer Dollywood May 22nd 2014 FireChaser Express
33%
US(Illinois) Intamin Six Flags Great America May 18th 2001 Flash: Vertical Velocity
33%
US(Ohio) Premier Rides Kings Island June 18th 1996 Flight of Fear
33%
US (Ohio) Bolliger and Mabillard Cedar Point May 11th 2013 GateKeeper
33%
US(Illinois) Rocky Mountain Construction Six Flags Great America June 19th 2014 Goliath
33%
US(Wisconsin) The Gravity Group, LLC Mt. Olympus Water & Theme Park May 14th 2005 Hades 360
33%
US(Illinois) S&S Worldwide Six Flags Great America May 27th 2017 Joker
33%
US(Kentucky) Chance Rides Kentucky Kingdom May 24th 2014 Lightning Run
33%
US (Ohio) Arrow Dynamics Cedar Point May 6th 1989 Magnum XL-200
33%
US (Ohio) Intamin Cedar Point May 26th 2007 Maverick
33%
US(Illinois) S&S Worldwide Six Flags Great America July 4th 2019 Maxx Force
33%
US (Ohio) Intamin Cedar Point May 13th 2000 Millennium Force
33%
US(Tennessee) Gerstlauer Dollywood April 13th 2007 Mystery Mine
33%
US(Ohio) Great Coasters International Kings Island April 15th 2017 Mystic Timbers
33%
US(Ohio) Bolliger and Mabillard Kings Island July 2nd 2020 Orion
33%
US(Wisconsin) Custom Coasters International Mt. Olympus Water & Theme Park 1996 Pegasus
33%
US(Ohio) Philadelphia Toboggan Coasters Kings Island April 29th 1972 Racer
33%
US(Illinois) Bolliger and Mabillard Six Flags Great America May 1st 1999 Raging Bull
33%
US (Ohio) Bolliger and Mabillard Cedar Point May 7th 1994 Raptor
33%
US(Indiana) Custom Coasters International Holiday World & Splashin' Safari May 6th 1995 Raven
33%
US(Mississippi) SBF Visa Group Paradise Pier March 3rd 2023 Rolling Thunder
33%
US (Ohio) Bolliger and Mabillard Cedar Point May 11th 1996 Rougarou
33%
US(Michigan) Custom Coasters International Michigan's Adventure May 23rd 1998 Shivering Timbers
33%
US (Ohio) Vekoma Cedar Point June 28th 2025 Siren's Curse
33%
US(Ohio) Vekoma Kings Island May 24th 2024 Snoopy's Soap Box Racers
33%
US(Indiana) S&S Worldwide Indiana Beach July 5th 2008 Steel Hawg
33%
US(Illinois) Bolliger and Mabillard Six Flags Great America May 3rd 2003 Superman Ultimate Flight
33%
US(Tennessee) Arrow Dynamics Dollywood April 17th 1999 Tennessee Tornado
33%
US(Indiana) Bolliger and Mabillard Holiday World & Splashin' Safari April 25th 2015 Thunderbird
33%
US(Tennessee) Great Coasters International Dollywood April 3rd 2004 Thunderhead
33%
US (Ohio) IntaminZamperla Cedar Point May 4th 2003 Top Thrill 2
33%
US (Ohio) Bolliger and Mabillard Cedar Point May 7th 2016 Valravn
33%
US(Indiana) The Gravity Group Holiday World & Splashin' Safari May 6th 2006 Voyage
33%
US(Illinois) Schwarzkopf Six Flags Great America 1976 Whizzer
33%
US(Tennessee) Bolliger and Mabillard Dollywood March 24th 2012 Wild Eagle
33%
US(Kentucky) Kentucky Kingdom Rocky Mountain Construction April 30th 2016 Wind Chaser
33%
US(Illinois) Bolliger and Mabillard Six Flags Great America May 31st 2025 Wrath of Rakshasa
33%
US(Illinois) Bolliger and Mabillard Six Flags Great America May 16th 2012 X-Flight
33%
US(Ohio) Arrow Dynamics Kings Island April 13th 1991 Adventure Express
0%
US(Alabama) Allan Herschell Company 4D Farm 2019 Barnyard Company
0%
US(Illinois) SBF Visa Group Bengtson's Pumpkin Farm September 22nd 2017 Barnyard Dance
0%
US(Tennessee) Vekoma Dollywood May 12th 2023 Big Bear Mountain
0%
US (West Virginia) National Amusement Device Company Camden Park 1958 Big Dipper
0%
US(Tennessee) In-House Dollywood June 6th 1978 Blazing Fury
0%
US (Ohio) Philadelphia Toboggan Coasters Cedar Point May 23rd 1964 Blue Streak
0%
US(Alabama) Fajume Alabama Adventure and Splash Adventure 2014 Centi-SPEED
0%
US(Alabama) L&T Systems Alabama Adventure and Splash Adventure May 14th 2022 Cheddar Chase
0%
US(Illinois) E&F Miler Industries Safari Land September 27th 2025 Congo Cruiser
0%
US(Alabama) Zamperla Tropic Falls July 21st 2017 Crazy Mouse
0%
US(Michigan) SBF Visa Group Craig's Cruisers Family Fun Center February 2nd 2018 Cruiser Coaster
0%
US(Indiana) Interpark Indiana Beach 2022 Cyclone
0%
US(Wisconsin) Custom Coasters International Mt. Olympus Water & Theme Park 1995 Cyclops
0%
US(Tennessee) Vekoma Dollywood May 10th 2019 Dragonflier
0%
US(Illinois) Wisdom Rides Grady's Family Fun Park 1993 Dragon Wagon
0%
US(Illinois) SBF Visa Group Santa's Village Amusement & Water Park May 26th 2023 Farmers Fling
0%
US (Ohio) Arrow Dynamics Cedar Point June 17th 1978 Gemini
0%
US(Kentucky) Bill Cloyd Newton's Attic 2002 G-Force
0%
US(Indiana) Vekoma Holiday World & Splashin' Safari May 11th 2024 Good Gravy!
0%
US(Ohio) E&F Miler Industries Kings Island 1992 Great Pumpkin Coaster
0%
US(Kentucky) Vekoma Kentucky Kingdom April 15th 1994 Hollyhock and Roll
0%
US(Indiana) Custom Coasters International Indiana Beach May 27th 1994 Hoosier Hurricane
0%
US(Indiana) Zamperla Holiday World & Splashin' Safari May 8th 1999 Howler
0%
US(Tennessee) SBF Visa Group Memphis' Incredible Pizza Company November 12th 2015 Incredible Spinning Rollercoaster
0%
US(Ohio) Vekoma Kings Island April 17th 1999 Invertigo
0%
US(Kentucky) Gravity Group Kentucky Kingdom April 28th 2019 Kentucky Flyer
0%
US(Kentucky) Great Coasters International Beech Bend May 6th 2006 Kentucky Rumbler
0%
US(Indiana) Zierer Indianapolis Zoo April 19th 2001 Kombo
0%
US(Indiana) Custom Coasters International Holiday World & Splashin' Safari May 6th 2000 Legend
0%
US(West Virginia) National Amusement Device Company Camden Park 1961 Lil' Dipper
0%
US(Ohio) Allan Herschell Company Sluggers & Putters July 28th 2015 Lil Dipper Roller Coaster
0%
US(Ohio) Allen Herschell Company Memphis Kiddie Park May 1952 Little Dipper
0%
US(Ohio) Allan Herschell Company Tuscora Park 1990 Little Dipper
0%
US(Wisconsin) Allan Herschell Company Little Amerricka 1993 Little Dipper
0%
US(Illinois) Philadelphia Toboggan Coasters Six Flags Great Adventure May 27th 2010 Little Dipper
0%
US(Wisconsin) E&F Miler Industries Mt. Olympus Water & Theme Park 2000 Little Titans
0%
US(Michigan) Pinfari CJ Barrymore's Family Entertainment Center May 9th 2016 Loop Roller Coaster
0%
US(Indiana) Custom Coasters International Indiana Beach June 8th 2002 Lost Coaster of Superstition Mountain
0%
US(Wisconsin) Allan Herschell Company Little Amerricka 1993 Mad Mouse
0%
US(Michigan) Arrow Dynamics Michigan's Adventure 1999 Mad Mouse
0%
US(Wisconsin) Philadelphia Toboggan Coasters Little Amerricka August 8th 2007 Meteor
0%
US(Illinois) Wisdom Rides Haunted Trails Burbank July 22nd 1994 Miner Mike
0%
US(Indiana) Wisdom Rides Harvest Tyme Pumpkin Patch September 26th 2014 Miner Mike
0%
US(Ohio) SBF Visa Group Scene75 Dublin October 11th 2019 Nuclear Rush
0%
US(Michigan) Wisdom Rides Arzo Sports & Fun Park 2015 Orient Express
0%
US(Illinois) Wisdom Rides Grady's Family Fun Park 2019 Orient Express
0%
US(Michigan) SBF Visa Group Craig's Cruisers Family Fun Center June 2020 Pearly Whirly Coaster
0%
US(Ohio) Premier Rides Kings Island May 20th 2005 Queen City Stunt Coaster
0%
US(Alabama) Custom Coasters International Alabama Adventure and Splash Adventure May 23rd 1998 Rampage
0%
US(Wisconsin) Wisdom Rides Knucklehead's Bowling & Family Entertainment 2023 Roller Coaster
0%
US(Alabama) Zamperla Tropic Falls July 21st 2017 Rollin' Thunder
0%
US(Indiana) Wisdom Rides Fun Center at Paige's Crossing June 1st 2007 Runaway Train
0%
US(Ohio) Philadelphia Toboggan Coasters Columbus Zoo and Aquarium 2008 Sea Dragon
0%
US(Wisconsin) SBF Visa Group Tom Foolery's Adventure Park 2018 Sky Rangers
0%
US(West Virginia) SBF Visa Group Camden Park 2016 Slingshot
0%
US(Alabama) Zamperla Tropic Falls July 21st 2017 Southern Express
0%
US(Tennessee) Zierer Nascar Speedpark 2004 Speedway Coaster
0%
US(Michigan) SBF Visa Group CJ Barrymore's Family Entertainment Center March 13th 2019 Spinning Coaster
0%
US(Kentucky) SBF Visa Group Beech Bend May 7th 2016 Spinning Out
0%
US(Tennessee) SBF Visa Group Island in Pigeon Forge July 10th 2018 Spinning Parrot
0%
US(Illinois) Vekoma Six Flags Great America 1998 Sprocket Rockets
0%
US(Illinois) Interpark Santa's Village Amusement & Water Park May 13th 2017 Super Cyclone
0%
US(Wisconsin) Chance Rides Little Amerricka 1993 Swiss Toboggan
0%
US(Ohio) Ralph Stricker Stricker's Grove 1996 Teddy Bear
0%
US(Illinois) Mack Rides Six Flags Great America May 21st 2008 The Dark Knight Coaster
0%
US(Michigan) Vekoma Michigan's Adventure May 17th 2008 Thunderhawk
0%
US(Ohio) Zamperla Columbus Zoo and Aquarium July 2021 Tidal Twist
0%
US(Indiana) Schwarzkopf Indiana Beach June 17th 1984 Tig'rr Coaster
0%
US(Ohio) Ralph Stricker Striker's Grove 1993 Tornado
0%
US(Ohio) SBF Visa Group Scene75 Dayton December 16th 2020 Tsunami
0%
US(Illinois) SBF Visa Group Scene75 Romeoville August 17th 2022 Tsunami
0%
US(Illinois) Six Flags Six Flags Great America April 29th 1995 Viper
0%
US(Illinois) Fajume Santa's Village Amusement & Water Park May 9th 2015 Wacky Worm
0%
US(Tennessee) Zamperla Dollywood May 21st 2017 Whistle Punk Chaser
0%
US (Ohio) Intamin Cedar Point 1979 Wilderness Run
0%
US(Kentucky) Zamperla Beech Bend 2005 Wild Mouse
0%
US (Ohio) Zamperla Cedar Point May 6th 2023 Wild Mouse
0%
US(Michigan) Dinn Corporation Michigan's Adventure 1988 Wolverine Wildcat
0%
US(Kentucky) Dinn Corporation Kentucky Kingdom August 1990 Woodland Run
0%
US(Ohio) Philadelphia Toboggan Coasters Kings Island April 29th 1972 Woodstock Express
0%
US(Michigan) Chance Rides Michgan's Adventure 1999 Woodstock Express
0%
US (Ohio) Vekoma Cedar Point May 10th 1999 Woodstock Express
0%
US(Ohio) Vekoma Kings Island April 7th 2001 Woodstock's Air Rail
0%
US(Michigan) Custom Coasters International, Inc. Michigan's Adventure July 22nd 1994 Zach's Zoomer
0%
US(Wisconsin) Custom Coasters International Mt. Olympus Water & Theme Park June 7th 1997 Zeus
0%
US(Wisconsin) Martin & Vleminckx Bay Beach Amusement Park May 21st 2011 Zippin Pippin
0%
No matching quizzes found
Score Distribution
Percent of People with Each Score
Percentile by Number Answered
Your Score History
You have not taken this quiz